[Event "London Classic rapid op 11th"]
[Site "London"]
[Date "2019.12.07"]
[Round "5"]
[White "Salem, Ihab"]
[Black "Watson, Jacob"]
[Result "0-1"]
[WhiteElo "2087"]
[BlackElo "1843"]
[PlyCount "130"]
[EventDate "2019.12.07"]
[EventType "swiss (rapid)"]
[EventRounds "7"]
[EventCountry "ENG"]
[SourceTitle "CBM 195 Extra"]
[Source "ChessBase"]
[SourceDate "2020.05.31"]
[SourceVersion "1"]
[SourceVersionDate "2020.05.31"]
[SourceQuality "1"]

1. d4 d5 2. c4 dxc4 3. Nf3 Nf6 4. e3 e6 5. Bxc4 a6 6. a4 c5 7. 0-0 Be7 8. Qe2 0-0 9. Nc3 Nc6 10. Rd1 Qc7 11. dxc5 Bxc5 12. Bd2 b6 13. Rac1 Bb7 14. Na2 Qe7 15. Bc3 a5 16. h3 Rfd8 17. Bb5 Nb4 18. Nxb4 axb4 19. Be5 Ne4 20. Nd4 Rac8 21. Ba6 Bxa6 22. Qxa6 Qh4 23. Qe2 Rd5 24. Nf3 Qd8 25. Rxd5 Qxd5 26. Rd1 Qb7 27. Qd3 Bf8 28. Nd4 Nc5 29. Qb5 Qd5 30. Bg3 e5 31. e4 Qxe4 32. Nf3 Qc2 33. Rd2 Qc1+ 34. Qf1 Qxf1+ 35. Kxf1 f6 36. Ne1 Nxa4 37. Nc2 b3 38. Ne3 Rc1+ 39. Ke2 Rb1 40. Nd1 Rc1 41. f4 e4 42. f5 Rc2 43. Bf4 Bb4 44. Rxc2 bxc2 45. Nc3 Nxc3+ 46. bxc3 Bxc3 47. Bc1 b5 48. Ke3 b4 49. Kxe4 b3 50. Kd3 b2 51. Bxb2 Bxb2 52. Kxc2 Be5 53. Kd3 Kf7 54. Ke4 Ke7 55. Kd5 Kd7 56. g4 Bg3 57. Ke4 Kd6 58. Kf3 Be5 59. Ke4 Bb2 60. h4 Bc1 61. Kf3 Ke5 62. Kg3 Ke4 63. h5 Bg5 64. Kg2 Kf4 65. Kh3 Kf3 0-1

[Event "London Weekend op 12"]
[Site "London"]
[Date "2016.12.11"]
[Round "5"]
[White "Radovanovic, Jovica"]
[Black "Salem, Ihab"]
[Result "0-1"]
[WhiteElo "2351"]
[BlackElo "2049"]
[PlyCount "58"]
[EventDate "2016.12.09"]
[EventType "swiss"]
[EventRounds "5"]
[EventCountry "ENG"]
[SourceTitle "CBM 176 Extra"]
[Source "ChessBase"]
[SourceDate "2017.03.02"]
[SourceVersion "1"]
[SourceVersionDate "2017.03.02"]
[SourceQuality "1"]

1. d4 Nf6 2. c4 g6 3. Nc3 d5 4. Nf3 Bg7 5. cxd5 Nxd5 6. e4 Nxc3 7. bxc3 c5 8. Bb5+ Nc6 9. d5 a6 10. Ba4 b5 11. dxc6 Qxd1+ 12. Kxd1 Bxc3 13. Rb1 bxa4 14. Kc2 Bb4 15. a3 Ba5 16. Bd2 Bc7 17. Be3 f5 18. Bxc5 fxe4 19. Rhe1 0-0 20. Nd2 Rf6 21. Nxe4 Rxc6 22. Kd2 Bf5 23. Rbc1 Rc8 24. Kd3 Bf4 25. Be3 Rxc1 26. Rxc1 Rxc1 27. Bxf4 Ra1 28. Kd4 Bxe4 29. Kxe4 Rxa3 0-1

[Event "Sunningdale e2e4 op 05"]
[Site "Ascot"]
[Date "2014.05.26"]
[Round "6"]
[White "Salem, Ihab"]
[Black "Kalaiyalahan, Akshaya"]
[Result "1/2-1/2"]
[WhiteElo "2060"]
[BlackElo "1988"]
[PlyCount "125"]
[EventDate "2014.05.23"]
[EventType "swiss"]
[EventRounds "7"]
[EventCountry "ENG"]
[SourceTitle "CBM 160 Extra"]
[Source "ChessBase"]
[SourceDate "2014.07.01"]
[SourceVersion "1"]
[SourceVersionDate "2014.07.01"]
[SourceQuality "1"]

1. d4 d5 2. c4 c6 3. Nf3 Nf6 4. Qc2 e6 5. Bg5 Be7 6. e3 h6 7. Bf4 Nbd7 8. h3 c5 9. Nc3 dxc4 10. dxc5 Bxc5 11. Bxc4 a6 12. a4 Qe7 13. 0-0 0-0 14. Rfd1 Re8 15. Bh2 b6 16. e4 Bb7 17. Qe2 Nh7 18. Rd2 Ndf8 19. Rad1 Ng5 20. Bd6 Bxd6 21. Rxd6 Nxf3+ 22. Qxf3 Qc7 23. Qd3 Rec8 24. Ba2 Bc6 25. f4 b5 26. axb5 axb5 27. Bb3 Qb7 28. Re1 b4 29. Nd1 Nd7 30. Bc2 Bb5 31. Qd2 Qc7 32. Ne3 Nc5 33. e5 b3 34. Bb1 Qa5 35. Qf2 Ra6 36. f5 Rxd6 37. exd6 Nd3 38. Bxd3 Bxd3 39. Rd1 Bxf5 40. d7 Rd8 41. Nxf5 Qxf5 42. Qb6 Qf6 43. Qxb3 Qe7 44. Qb7 e5 45. Qc7 e4 46. Kf1 Qf6+ 47. Ke1 e3 48. Qxd8+ Qxd8 49. Ke2 Kf8 50. b4 Ke7 51. b5 f5 52. b6 Qxb6 53. d8Q+ Qxd8 54. Rxd8 Kxd8 55. Kxe3 Ke7 56. Kf3 Kf6 57. g3 g5 58. Ke3 Ke5 59. Kf3 f4 60. h4 Kf5 61. hxg5 hxg5 62. gxf4 gxf4 63. Kf2 1/2-1/2

[Event "Sunningdale e2e4 op 05"]
[Site "Ascot"]
[Date "2014.05.24"]
[Round "2"]
[White "Fernandez, Michael"]
[Black "Salem, Ihab"]
[Result "1-0"]
[WhiteElo "1993"]
[BlackElo "2060"]
[PlyCount "51"]
[EventDate "2014.05.23"]
[EventType "swiss"]
[EventRounds "7"]
[EventCountry "ENG"]
[SourceTitle "CBM 160 Extra"]
[Source "ChessBase"]
[SourceDate "2014.07.01"]
[SourceVersion "1"]
[SourceVersionDate "2014.07.01"]
[SourceQuality "1"]

1. e4 e5 2. Nc3 Nf6 3. f4 d5 4. exd5 exf4 5. Bc4 Bd6 6. Nf3 0-0 7. 0-0 Bg4 8. d4 Nbd7 9. Bb3 Re8 10. Nb5 Nf8 11. c4 Ng6 12. Nxd6 cxd6 13. Bc2 Ne4 14. Bxe4 Rxe4 15. Qd3 Bxf3 16. Rxf3 Qe7 17. Bd2 Re8 18. Raf1 Qf6 19. Bc3 Qg5 20. Bd2 Qg4 21. R3f2 Nh4 22. Kh1 Ng6 23. Bb4 Re3 24. Qd1 Re2 25. h3 Rxf2 26. hxg4 1-0

[Event "London Classic op-B 5th"]
[Site "London"]
[Date "2013.12.14"]
[Round "2"]
[White "Sucikova, Svetlana"]
[Black "Salem, Ihab"]
[Result "1-0"]
[WhiteElo "1931"]
[BlackElo "2107"]
[PlyCount "109"]
[EventDate "2013.12.13"]
[EventType "swiss"]
[EventRounds "5"]
[EventCountry "ENG"]
[SourceTitle "EXT 2016"]
[Source "ChessBase"]
[SourceDate "2015.10.08"]
[SourceVersion "1"]
[SourceVersionDate "2015.10.08"]
[SourceQuality "1"]

1. c4 Nf6 2. Nc3 g6 3. d4 Bg7 4. Nf3 0-0 5. e3 d5 6. b3 c6 7. Bb2 Bf5 8. Be2 Nbd7 9. 0-0 Re8 10. Rc1 dxc4 11. bxc4 Qb6 12. Qb3 Qc7 13. Nh4 e5 14. Nxf5 gxf5 15. dxe5 Nxe5 16. Qc2 Nfg4 17. g3 Qd7 18. h3 Nh6 19. Na4 Qe7 20. Bd4 b6 21. Nb2 c5 22. Bxe5 Bxe5 23. Bf3 Rad8 24. Kg2 Qg5 25. Nd3 Bc7 26. Rcd1 f4 27. Nxf4 Rxd1 28. Rxd1 Nf5 29. Bg4 Nd6 30. Rd5 Re5 31. Ne6 Rxd5 32. Nxg5 Rxg5 33. Qa4 h5 34. Qd7 hxg4 35. Qxc7 gxh3+ 36. Kxh3 Rg6 37. Qxa7 Nxc4 38. Qa6 Ne5 39. Qa8+ Kg7 40. Qd5 Re6 41. f4 Nc6 42. e4 Nb4 43. Qc4 Rh6+ 44. Kg2 Rd6 45. a3 Rd2+ 46. Kh3 Rd4 47. Qb5 Nd3 48. e5 c4 49. Qxb6 Rd5 50. Qf6+ Kg8 51. e6 Nxf4+ 52. gxf4 Rd3+ 53. Kg4 fxe6 54. Qxe6+ Kf8 55. Qxc4 1-0

[Event "London Classic op-B 5th"]
[Site "London"]
[Date "2013.12.13"]
[Round "1"]
[White "Salem, Ihab"]
[Black "Wynarczyk, Raymond"]
[Result "1/2-1/2"]
[WhiteElo "2107"]
[BlackElo "1949"]
[PlyCount "66"]
[EventDate "2013.12.13"]
[EventType "swiss"]
[EventRounds "5"]
[EventCountry "ENG"]
[SourceTitle "EXT 2016"]
[Source "ChessBase"]
[SourceDate "2015.10.08"]
[SourceVersion "1"]
[SourceVersionDate "2015.10.08"]
[SourceQuality "1"]

1. e4 c5 2. Nf3 e6 3. d3 Nc6 4. g3 g6 5. Bg2 Bg7 6. 0-0 Nge7 7. Re1 d6 8. c3 0-0 9. d4 Rb8 10. Be3 cxd4 11. Nxd4 a6 12. a4 Ne5 13. Na3 Qc7 14. Qe2 Bd7 15. f4 N5c6 16. Nac2 Rfc8 17. Red1 Nxd4 18. Bxd4 Bxd4+ 19. Rxd4 Qb6 20. Ne3 Rc6 21. Kh1 Qc7 22. Rad1 b5 23. axb5 axb5 24. c4 bxc4 25. Nxc4 Nc8 26. Bf1 Rb4 27. Ne3 Qb7 28. R1d2 Rcb6 29. Nc4 Bb5 30. Qg2 Bxc4 31. Rxc4 Ne7 32. Rdc2 Rxc4 33. Bxc4 d5 1/2-1/2

[Event "Bedford e2e4 op"]
[Site "Bedford"]
[Date "2013.09.21"]
[Round "2"]
[White "Salem, Ihab"]
[Black "Jaszkiwskyj, Peter"]
[Result "0-1"]
[WhiteElo "2114"]
[BlackElo "1979"]
[PlyCount "52"]
[EventDate "2013.09.20"]
[EventType "swiss"]
[EventRounds "5"]
[EventCountry "ENG"]
[SourceTitle "CBM 156 Extra"]
[Source "ChessBase"]
[SourceDate "2013.10.22"]
[SourceVersion "1"]
[SourceVersionDate "2013.10.22"]
[SourceQuality "1"]

1. Nf3 d5 2. g3 Nf6 3. Bg2 c6 4. d3 Bf5 5. Nbd2 e6 6. 0-0 Be7 7. Qe1 0-0 8. e4 Bg6 9. e5 Nfd7 10. Qe2 Qc7 11. Re1 c5 12. Nf1 Nc6 13. g4 b5 14. Ng3 c4 15. dxc4 bxc4 16. a3 Nc5 17. h4 Ne4 18. h5 Nxg3 19. fxg3 Be4 20. Bf4 Qb6+ 21. Kh2 Qxb2 22. Ng5 Nd4 23. Qd2 Bxg2 24. Kxg2 Qxc2 25. Rec1 Qxd2+ 26. Bxd2 Nb3 0-1

[Event "Bedford e2e4 op"]
[Site "Bedford"]
[Date "2013.09.21"]
[Round "3"]
[White "Sisoev, Robert"]
[Black "Salem, Ihab"]
[Result "0-1"]
[WhiteElo "1791"]
[BlackElo "2114"]
[PlyCount "34"]
[EventDate "2013.09.20"]
[EventType "swiss"]
[EventRounds "5"]
[EventCountry "ENG"]
[SourceTitle "CBM 156 Extra"]
[Source "ChessBase"]
[SourceDate "2013.10.22"]
[SourceVersion "1"]
[SourceVersionDate "2013.10.22"]
[SourceQuality "1"]

1. e4 g6 2. d4 Bg7 3. Nc3 d6 4. f4 a6 5. Nf3 b5 6. a3 Nd7 7. Be3 Bb7 8. Bd3 c5 9. 0-0 Ngf6 10. e5 Ng4 11. Bd2 cxd4 12. Nxd4 dxe5 13. Ndxb5 Qb6+ 14. Kh1 Nf2+ 15. Rxf2 Qxf2 16. Nc7+ Kd8 17. Nxa8 Qxg2# 0-1

[Event "Coventry e2e4 op"]
[Site "Coventry"]
[Date "2013.08.24"]
[Round "3"]
[White "Bourne, Johnathan"]
[Black "Salem, Ihab"]
[Result "0-1"]
[WhiteElo "2015"]
[BlackElo "2102"]
[PlyCount "68"]
[EventDate "2013.08.23"]
[EventType "swiss"]
[EventRounds "7"]
[EventCountry "ENG"]
[SourceTitle "CBM 156 Extra"]
[Source "ChessBase"]
[SourceDate "2013.10.22"]
[SourceVersion "1"]
[SourceVersionDate "2013.10.22"]
[SourceQuality "1"]

1. d4 Nf6 2. Bg5 c5 3. Bxf6 exf6 4. Nc3 cxd4 5. Qxd4 Nc6 6. Qe4+ Be7 7. e3 0-0 8. Bd3 g6 9. Nge2 Re8 10. 0-0 Ba3 11. Qf4 Bxb2 12. Rab1 Bxc3 13. Nxc3 d5 14. Rfd1 Re5 15. Nb5 Qe7 16. Nd4 Rg5 17. Bf1 Rg4 18. Qf3 Nxd4 19. exd4 Re4 20. Qb3 Qd6 21. g3 Re7 22. Bg2 Be6 23. a4 b6 24. Qb5 Rc8 25. Qb3 Rec7 26. Rb2 Rc3 27. Qb5 Rxc2 28. Rxc2 Rxc2 29. a5 bxa5 30. Qxa5 Qb6 31. Qe1 Qb2 32. Qf1 a5 33. Ra1 a4 34. Rb1 Qxd4 0-1

[Event "Sunningdale e2e4 Autumn op"]
[Site "Sunningdale"]
[Date "2011.09.17"]
[Round "2"]
[White "Salem, Ihab"]
[Black "Franklin, Samuel Gideon"]
[Result "1/2-1/2"]
[WhiteElo "2097"]
[BlackElo "2196"]
[PlyCount "59"]
[EventDate "2011.09.16"]
[EventType "swiss"]
[EventRounds "5"]
[EventCountry "ENG"]
[SourceTitle "CBM 144 Extra"]
[Source "ChessBase"]
[SourceDate "2011.10.28"]
[SourceVersion "1"]
[SourceVersionDate "2011.10.28"]
[SourceQuality "1"]

1. e4 e5 2. Nf3 Nc6 3. Bb5 a6 4. Ba4 Nf6 5. 0-0 b5 6. Bb3 Bc5 7. Nxe5 Nxe5 8. d4 Bxd4 9. Qxd4 d6 10. c3 0-0 11. Bg5 h6 12. Bh4 c5 13. Qd1 Ng6 14. Bxf6 Qxf6 15. a4 c4 16. Bc2 Bb7 17. Nd2 Rfe8 18. Re1 Ne5 19. Nf1 Rad8 20. Ne3 Qh4 21. f3 Qg5 22. axb5 axb5 23. Ra5 Nc6 24. Ra1 Qc5 25. Kh1 Ne7 26. h3 d5 27. Nxd5 Nxd5 28. exd5 Bxd5 29. Rxe8+ Rxe8 30. Qd2 1/2-1/2

[Event "Southend op"]
[Site "Southend"]
[Date "2009.04.10"]
[Round "1"]
[White "Salem, Ihab"]
[Black "Amato, Giampiero"]
[Result "1/2-1/2"]
[WhiteElo "2113"]
[BlackElo "1987"]
[PlyCount "106"]
[EventDate "2009.04.10"]
[EventType "swiss"]
[EventRounds "7"]
[EventCountry "ENG"]
[SourceTitle "CBM 130 Extra"]
[Source "ChessBase"]
[SourceDate "2009.07.02"]
[SourceVersion "2"]
[SourceVersionDate "2009.07.15"]
[SourceQuality "1"]

1. e4 e5 2. Nf3 Nf6 3. Nc3 Nc6 4. d4 exd4 5. Nxd4 Bb4 6. Nxc6 bxc6 7. Bd3 d5 8. exd5 cxd5 9. 0-0 0-0 10. Bg5 c6 11. Qf3 Bd6 12. Rfe1 Rb8 13. Rab1 Be6 14. h3 h6 15. Bxf6 Qxf6 16. Qxf6 gxf6 17. Ne2 c5 18. c3 Rb6 19. b3 Rfb8 20. Bc2 Ra6 21. a4 Rab6 22. Rbc1 a5 23. Red1 Rd8 24. Kf1 Kf8 25. f4 Bc7 26. g4 Bc8 27. Kf2 Ba6 28. f5 Be5 29. c4 Rbd6 30. Rxd5 Rxd5 31. cxd5 Rxd5 32. Ke3 Bb2 33. Re1 Re5+ 34. Kf2 Rxe2+ 35. Rxe2 Bxe2 36. Kxe2 Bc3 37. Kd3 Bb4 38. Kc4 Ke7 39. Kd5 Ke8 40. Bd3 Ke7 41. Bc4 Ba3 42. Kc6 Bb4 43. Kb6 Ke8 44. Bb5+ Ke7 45. Kc7 Bc3 46. Bc6 Bd2 47. Bd5 Bc3 48. Kc6 Bb4 49. Bc4 Ba3 50. Kb5 Bb4 51. Kb6 Ke8 52. Kc6 Ke7 53. Bb5 Ba3 1/2-1/2

[Event "Uxbridge op"]
[Site "Denham"]
[Date "2009.02.21"]
[Round "2"]
[White "Hebden, Mark"]
[Black "Salem, Ihab"]
[Result "1-0"]
[WhiteElo "2522"]
[BlackElo "2171"]
[PlyCount "49"]
[EventDate "2009.02.20"]
[EventType "swiss"]
[EventRounds "5"]
[EventCountry "ENG"]
[SourceTitle "EXT 2011"]
[Source "ChessBase"]
[SourceDate "2010.11.26"]
[SourceVersion "1"]
[SourceVersionDate "2010.11.26"]
[SourceQuality "1"]

1. d4 Nf6 2. Nf3 g6 3. Nc3 Bg7 4. e4 d6 5. Be3 c6 6. h3 b5 7. Bd3 Qc7 8. e5 dxe5 9. dxe5 Nfd7 10. e6 fxe6 11. 0-0 0-0 12. Ng5 Ne5 13. Be4 a6 14. Qd2 a5 15. Nxb5 Qb7 16. c4 h6 17. f4 hxg5 18. fxe5 Bxe5 19. Rxf8+ Kxf8 20. Rf1+ Kg7 21. Qf2 Bf6 22. Nd6 Qd7 23. Bxg5 Qxd6 24. Bxf6+ Kg8 25. Bc3 1-0

[Event "Gibraltar Masters 7th"]
[Site "Gibraltar"]
[Date "2009.02.03"]
[Round "8"]
[White "Ashton, Adam"]
[Black "Salem, Ihab"]
[Result "0-1"]
[WhiteElo "2321"]
[BlackElo "2171"]
[PlyCount "72"]
[EventDate "2009.01.27"]
[EventType "swiss"]
[EventRounds "10"]
[EventCountry "ENG"]
[SourceTitle "CBM 128 Extra"]
[Source "ChessBase"]
[SourceDate "2009.03.05"]
[SourceVersion "2"]
[SourceVersionDate "2009.03.25"]
[SourceQuality "1"]

1. e4 c5 2. Nf3 Nc6 3. Bb5 d6 4. 0-0 Bd7 5. Re1 Nf6 6. c3 a6 7. Bf1 Bg4 8. h3 Bh5 9. d3 e6 10. g4 Bg6 11. Nh4 Nd7 12. Nxg6 hxg6 13. d4 g5 14. Be3 Be7 15. Nd2 Qc7 16. Nf3 f6 17. b4 c4 18. Bxc4 Rxh3 19. Bxe6 Nf8 20. Bd5 Qd7 21. Nd2 Ng6 22. Kg2 Rh4 23. f3 0-0-0 24. Qb3 Kb8 25. Be6 Qc7 26. Rh1 Rdh8 27. Bd5 Bd8 28. Rxh4 Nxh4+ 29. Kf2 Ng6 30. Rg1 Nce7 31. c4 Nf4 32. Bxf4 gxf4 33. Kg2 Nxd5 34. cxd5 g5 35. Rh1 Rxh1 36. Kxh1 Qc1+ 0-1

[Event "Gibraltar Masters 7th"]
[Site "Gibraltar"]
[Date "2009.01.30"]
[Round "4"]
[White "Dasaolu, Adeoye"]
[Black "Salem, Ihab"]
[Result "1/2-1/2"]
[WhiteElo "2024"]
[BlackElo "2171"]
[PlyCount "189"]
[EventDate "2009.01.27"]
[EventType "swiss"]
[EventRounds "10"]
[EventCountry "ENG"]
[SourceTitle "CBM 128 Extra"]
[Source "ChessBase"]
[SourceDate "2009.03.05"]
[SourceVersion "2"]
[SourceVersionDate "2009.03.25"]
[SourceQuality "1"]

1. Nf3 Nf6 2. d4 g6 3. Bg5 Bg7 4. c4 c6 5. Nc3 d5 6. e3 h6 7. Bf4 Bg4 8. Qb3 Qb6 9. Qxb6 axb6 10. cxd5 Nxd5 11. Nxd5 cxd5 12. Ne5 Bxe5 13. Bxe5 0-0 14. f3 Bf5 15. g4 Bd7 16. Kd2 Rc8 17. Bd3 Nc6 18. Bf4 Kg7 19. Rhc1 Nb4 20. Bb1 Rxc1 21. Kxc1 Ba4 22. Kd2 Rc8 23. b3 Bb5 24. a3 Nc6 25. Ba2 g5 26. Bg3 Na5 27. Re1 Bd7 28. Rh1 b5 29. Rc1 Rxc1 30. Kxc1 Nc6 31. b4 e6 32. Kd2 Na7 33. Kc3 Nc8 34. Bc7 f6 35. Bb1 Kf7 36. Bd3 Ke7 37. f4 Nd6 38. Bxd6+ Kxd6 39. Be2 Be8 40. Kd2 Bd7 41. Ke1 Be8 42. Kf2 Bd7 43. Kg3 Be8 44. Bd3 Bc6 45. Bg6 Bd7 46. Kf3 Bc6 47. Bh7 Ke7 48. Bd3 Kd7 49. Kf2 Ke7 50. Be2 Bd7 51. Ke1 Bc6 52. Kd2 Bd7 53. Kc3 Be8 54. Kb2 Bd7 55. Bf3 Bc6 56. Kc3 Kd7 57. Bg2 Ke7 58. Bf1 Bd7 59. Bd3 Kd6 60. Kd2 Be8 61. Ke2 Bd7 62. Kf2 Be8 63. Kg3 Bc6 64. Bc2 Ke7 65. h3 Kd6 66. Kf3 Ke7 67. h4 Kd6 68. Kg3 Ke7 69. hxg5 hxg5 70. Bd3 Kd6 71. Kf2 Ke7 72. Ke2 Kd6 73. Kd2 Kc7 74. Kc3 Kd6 75. Be2 Bd7 76. Bd3 Bc6 77. Kd2 Ke7 78. Ke1 Kd6 79. Kf2 Ke7 80. Kg3 Kd6 81. Bf1 Ke7 82. Bd3 Kd6 83. Bc2 Ke7 84. Kf2 Kd7 85. Bh7 Ke7 86. Bg8 Kd6 87. Kf3 Be8 88. Bh7 Bc6 89. Bg6 Bd7 90. fxg5 fxg5 91. Bh7 Bc6 92. Bg6 e5 93. Bf5 e4+ 94. Kg3 Ke7 95. Kh3 1/2-1/2

[Event "Gibraltar Challengers1"]
[Site "Gibraltar"]
[Date "2009.01.27"]
[Round "1"]
[White "Salem, Ihab"]
[Black "Demac, Elias"]
[Result "0-1"]
[WhiteElo "2171"]
[BlackElo "1993"]
[PlyCount "170"]
[EventDate "2009.01.27"]
[EventType "tourn"]
[EventRounds "5"]
[EventCountry "ENG"]
[SourceTitle "EXT 2010"]
[Source "ChessBase"]
[SourceDate "2010.11.25"]
[SourceVersion "1"]
[SourceVersionDate "2010.11.25"]
[SourceQuality "1"]

1. e4 c5 2. c3 Nf6 3. e5 Nd5 4. d4 cxd4 5. Nf3 e6 6. Bc4 Nb6 7. Bd3 dxc3 8. Nxc3 d5 9. exd6 Bxd6 10. 0-0 Nc6 11. Qe2 0-0 12. Rd1 Qe7 13. Ne4 Nd5 14. Nxd6 Qxd6 15. Ng5 f5 16. Bc4 Nce7 17. b3 Rf6 18. Bb2 Rg6 19. Be5 Qd8 20. Qh5 h6 21. Nh3 Kh7 22. Qf3 Qa5 23. Nf4 Nxf4 24. Bxf4 e5 25. Bd2 Qb6 26. Bc3 e4 27. Qf4 Qc6 28. Bb4 Rg4 29. Qd6 e3 30. Qxc6 exf2+ 31. Kxf2 Nxc6 32. Bc3 Re4 33. Rd6 Ne5 34. Bxe5 Rxe5 35. Rc1 b5 36. Bd5 Rb8 37. Rd8 Rxd5 38. Rxd5 Be6 39. Re5 Rb6 40. Rc7 Ra6 41. Ke3 Kg6 42. Rxb5 Rxa2 43. Rbb7 Kf6 44. Rxg7 Rb2 45. Rh7 Bd5 46. Rxa7 Rxb3+ 47. Kd4 Bxg2 48. Rxh6+ Kg5 49. Rh8 Kf4 50. Rh4+ Kf3 51. Ke5 Rb5+ 52. Kd4 Rb4+ 53. Ke5 Rxh4 54. Kxf5 Rxh2 55. Ra3+ Ke2 56. Ra2+ Kd3 57. Ra3+ Kd4 58. Ra4+ Kc5 59. Ra5+ Kb6 60. Ra1 Bc6 61. Rb1+ Bb5 62. Ke5 Rc2 63. Kd4 Rc5 64. Rb2 Kc6 65. Rh2 Bc4 66. Rh6+ Kb5 67. Rh8 Rd5+ 68. Ke4 Kb4 69. Rb8+ Kc3 70. Rc8 Rd4+ 71. Ke5 Rd5+ 72. Ke4 Rd7 73. Ke5 Re7+ 74. Kd6 Re6+ 75. Kd7 Rh6 76. Ke7 Kd4 77. Ra8 Ke5 78. Ra5+ Bd5 79. Kf8 Kf6 80. Ke8 Rh7 81. Ra1 Ke6 82. Ra6+ Ke5 83. Ra5 Kd6 84. Ra6+ Bc6+ 85. Kf8 Rc7 0-1

[Event "Hastings Masters op 84th"]
[Site "Hastings"]
[Date "2009.01.04"]
[Round "8"]
[White "Pickersgill, Adrian"]
[Black "Salem, Ihab"]
[Result "0-1"]
[WhiteElo "2043"]
[BlackElo "2171"]
[PlyCount "72"]
[EventDate "2008.12.28"]
[EventType "swiss"]
[EventRounds "9"]
[EventCountry "ENG"]
[SourceTitle "CBM 128 Extra"]
[Source "ChessBase"]
[SourceDate "2009.03.05"]
[SourceVersion "2"]
[SourceVersionDate "2009.03.25"]
[SourceQuality "1"]

1. e4 c5 2. c3 Nf6 3. e5 Nd5 4. d4 cxd4 5. Qxd4 e6 6. Nf3 Nc6 7. Qe4 f5 8. Qe2 Qc7 9. g3 b5 10. Bg2 a5 11. 0-0 Ba6 12. Rd1 Bc5 13. Nbd2 a4 14. Nf1 b4 15. c4 0-0 16. Ng5 Nb6 17. b3 h6 18. Nf3 axb3 19. axb3 Bxc4 20. bxc4 Rxa1 21. N1d2 Ra2 22. Qd3 Nxe5 23. Nxe5 Qxe5 24. Qb3 Qe2 25. Bf3 Qxf2+ 26. Kh1 Ra1 27. Rf1 Qd4 28. Qc2 Qc3 29. Qxc3 bxc3 30. Nb3 Rxc1 31. Rxc1 Bb4 32. c5 Nd5 33. Rd1 c2 34. Rd4 Bc3 35. Rc4 Rb8 36. Nc1 Rb1 0-1

[Event "Hastings Masters op 84th"]
[Site "Hastings"]
[Date "2008.12.31"]
[Round "4"]
[White "Salem, Ihab"]
[Black "Ansell, Simon"]
[Result "0-1"]
[WhiteElo "2171"]
[BlackElo "2410"]
[PlyCount "118"]
[EventDate "2008.12.28"]
[EventType "swiss"]
[EventRounds "9"]
[EventCountry "ENG"]
[SourceTitle "CBM 128 Extra"]
[Source "ChessBase"]
[SourceDate "2009.03.05"]
[SourceVersion "2"]
[SourceVersionDate "2009.03.25"]
[SourceQuality "1"]

1. e4 c5 2. c3 d6 3. d4 Nf6 4. Bd3 Nc6 5. Ne2 e5 6. d5 Ne7 7. 0-0 Ng6 8. a4 Be7 9. Na3 0-0 10. Nc4 Ne8 11. f4 exf4 12. Nxf4 Ne5 13. Nxe5 dxe5 14. Nh5 Bg5 15. Ng3 Nd6 16. a5 Bd7 17. Qh5 Bxc1 18. Raxc1 f6 19. b4 b6 20. axb6 Qxb6 21. bxc5 Qxc5+ 22. Kh1 a5 23. Be2 a4 24. Bg4 Bxg4 25. Qxg4 Rf7 26. Nf5 Nxf5 27. Qxf5 a3 28. Qe6 Qc4 29. Rfd1 a2 30. h3 g6 31. Qb6 Kg7 32. d6 Rd7 33. Qb4 Ra4 34. Qxc4 Rxc4 35. Ra1 Rxc3 36. Rxa2 Rc6 37. Kg1 Rcxd6 38. Rxd6 Rxd6 39. Ra7+ Kh6 40. Rf7 g5 41. Kf2 Kg6 42. Rf8 Rd3 43. Rg8+ Kf7 44. Rh8 Kg7 45. Ra8 h5 46. Ra7+ Kg6 47. Rb7 Ra3 48. Rc7 g4 49. h4 Ra4 50. Ke3 Ra2 51. Rc8 Rxg2 52. Rg8+ Kh7 53. Ra8 Rh2 54. Ra1 Rxh4 55. Rf1 Rh3+ 56. Ke2 Kg6 57. Rf5 Rf3 58. Rxf3 gxf3+ 59. Kxf3 Kg5 0-1

[Event "Blackpool op 32nd"]
[Site "Blackpool"]
[Date "2008.03.09"]
[Round "5"]
[White "Salem, Ihab"]
[Black "Foord, Dominic"]
[Result "1-0"]
[WhiteElo "2189"]
[BlackElo "1995"]
[PlyCount "31"]
[EventDate "2008.03.07"]
[EventType "swiss"]
[EventRounds "5"]
[EventCountry "ENG"]
[SourceTitle "CBM 123 Extra"]
[Source "ChessBase"]
[SourceDate "2008.05.06"]
[SourceVersion "1"]
[SourceVersionDate "2008.05.06"]
[SourceQuality "1"]

1. e4 e5 2. Nf3 Nc6 3. Bb5 a6 4. Ba4 d6 5. Bxc6+ bxc6 6. d4 f6 7. 0-0 Ne7 8. Nh4 Be6 9. f4 exf4 10. Rxf4 Qd7 11. Rf2 d5 12. Nc3 Ng6 13. exd5 cxd5 14. Qh5 0-0-0 15. Nxg6 Bf7 16. Nxf8 1-0

[Event "Hampstead Rated 3rd"]
[Site "Hampstead"]
[Date "1998.08.19"]
[Round "5"]
[White "Menon, Shanker"]
[Black "Salem, Ihab"]
[Result "0-1"]
[WhiteElo "2170"]
[BlackElo "2185"]
[PlyCount "54"]
[EventDate "1998.08.15"]
[EventType "swiss"]
[EventRounds "9"]
[EventCountry "ENG"]
[SourceTitle "EXT 1999"]
[Source "ChessBase"]
[SourceDate "1998.11.16"]
[SourceVersion "1"]
[SourceVersionDate "1998.11.16"]
[SourceQuality "1"]

1. e4 d6 2. d4 Nf6 3. Nc3 g6 4. f4 Bg7 5. Nf3 c5 6. Bb5+ Bd7 7. Bxd7+ Nfxd7 8. d5 0-0 9. 0-0 Na6 10. Qe2 Nc7 11. e5 b5 12. Nxb5 Nxb5 13. Qxb5 dxe5 14. fxe5 Nxe5 15. Nxe5 Bxe5 16. Qxc5 Rc8 17. Qf2 Qxd5 18. c3 Rc4 19. Qxa7 Bb8 20. Qxe7 Rg4 21. Qe2 Qh5 22. Qf3 Qxh2+ 23. Kf2 Ba7+ 24. Ke1 Rxg2 25. Bh6 Re8+ 26. Kd1 Rd8+ 27. Ke1 Qh4+ 0-1